000 00575nam a22002057a 4500
005 20260311123745.0
008 260311b |||||||| |||| 00| 0 eng d
037 _cDSWL
040 _aDSWL
_cDSWL
041 _hHindi
084 _aY35:85 Q5
100 _aरवि, राजेंद्र
_91131654
245 _aशहरी जन-परिवहन
250 _a1st
260 _aNew Delhi,
_bIDS,
_c2015
300 _a307p
365 _aINR
_b450
942 _2CC
_cTEXL
_hY35:85 Q5
_n0
999 _c1715112
_d1715112